[Event "25th Czech Open A 2014"]
[Site "Pardubice CZE"]
[Date "2014.07.25"]
[Round "8.69"]
[White "Bruedigam, Martin"]
[Black "Lomasov, Semen"]
[Result "1-0"]
[WhiteTitle "FM"]
[WhiteElo "2328"]
[BlackElo "2182"]
[WhiteFideId "24608033"]
[BlackFideId "24164879"]
[EventDate "2014.07.18"]

1. e4 e6 2. d4 d5 3. Nd2 c5 4. exd5 Qxd5 5. Ngf3 cxd4 6. Bc4 Qd6 7. O-O Nf6 8.
Nb3 Nc6 9. Nbxd4 Nxd4 10. Nxd4 Qc7 11. Qe2 Bd7 12. Bg5 Bd6 13. Nb5 Bxb5 14.
Bxb5+ Ke7 15. g3 h6 16. Be3 Rhd8 17. c4 Bc5 18. Bf4 Bd6 19. Bd2 a5 20. a3 Be5
21. Rfe1 Bd4 22. Rad1 Kf8 23. Bf4 Qb6 24. b4 axb4 25. axb4 e5 26. Bxe5 Bxf2+ 27.
Qxf2 Qxf2+ 28. Kxf2 Rxd1 29. Rxd1 Ng4+ 30. Kf3 Nxe5+ 31. Ke4 f6 32. Rd6 Ra2 33.
Rb6 Re2+ 34. Kf5 Nd3 35. Rxb7 Re5+ 36. Kg6 Rg5+ 37. Kh7 Nxb4 38. Rb8+ Ke7 39.
Rg8 Kf7 40. Be8+ Ke7 41. Bg6 Nc6 42. Rxg7+ Kd6 43. Bf7 Ne5 44. h4 Rf5 45. Kxh6
Rf3 46. Bd5 Rc3 47. g4 Nxc4 48. Bxc4 Rxc4 49. h5 Ke6 50. Kh7 Ra4 51. h6 Ke5 52.
Kg8 Ke6 53. Kh7 Ke5 54. Rg8 Ke6 55. g5 fxg5 56. Kg6 Rh4 57. Rg7 g4 58. h7 g3 59.
Rg8 1-0

[Event "25th Czech Open A 2014"]
[Site "Pardubice CZE"]
[Date "2014.07.25"]
[Round "8.70"]
[White "Hrabusa, Matej"]
[Black "Chlost, Marlena"]
[Result "1-0"]
[BlackTitle "WFM"]
[WhiteElo "2319"]
[BlackElo "2142"]
[WhiteFideId "14908042"]
[BlackFideId "1122657"]
[EventDate "2014.07.18"]

1. e4 c5 2. Nc3 d6 3. f4 Nc6 4. Nf3 Nf6 5. Bb5 e6 6. Bxc6+ bxc6 7. d3 Nd7 8. O-O
Be7 9. b3 O-O 10. Qe1 f5 11. e5 d5 12. Ba3 Nb6 13. Qf2 d4 14. Nd1 Nd5 15. Bc1
Kh8 16. Bd2 Ba6 17. Kh1 Qd7 18. Qe2 Rad8 19. Nf2 Qe8 20. Nh3 Rd7 21. Rg1 Bd8 22.
a3 Bb7 23. a4 Nb4 24. Bc1 c4 25. bxc4 c5 26. Ba3 Na6 27. Rgb1 Bc6 28. Bc1 Rb7
29. Rxb7 Bxb7 30. a5 Nb4 31. Nhg1 a6 32. Qd1 Bc7 33. Bd2 Nc6 34. Qb1 Ba8 35. Qb3
Qe7 36. Qa3 Rb8 37. c3 dxc3 38. Bxc3 Nb4 39. Rd1 Nc2 40. Qa2 Nb4 41. Qa3 Nc2 42.
Qa4 Nb4 43. d4 Bc6 44. Qa3 Nc2 45. Qxc5 Qxc5 46. dxc5 Ne3 47. Rd4 Rb3 48. Bd2
Nc2 49. Rd6 Bxd6 50. exd6 Rd3 51. Ne5 Bxg2+ 52. Kxg2 Rxd2+ 53. Kg3 Nb4 54. Ngf3
Rd1 55. Ng5 Kg8 56. Nxe6 g6 57. d7 Nc6 58. Nxc6 Rxd7 59. Ne5 1-0

[Event "25th Czech Open A 2014"]
[Site "Pardubice CZE"]
[Date "2014.07.25"]
[Round "8.71"]
[White "Cremer, Jan Paul"]
[Black "Kerigan, Demre"]
[Result "0-1"]
[BlackTitle "FM"]
[WhiteElo "2194"]
[BlackElo "2318"]
[WhiteFideId "24686115"]
[BlackFideId "6307841"]
[EventDate "2014.07.18"]

1. e4 d6 2. d4 Nf6 3. Nc3 c6 4. Bg5 Nbd7 5. Nf3 h6 6. Bh4 e5 7. Qd2 Be7 8. O-O-O
O-O 9. g4 exd4 10. Nxd4 Ne5 11. Bxf6 Bxf6 12. h3 Qb6 13. Nf5 Bxf5 14. gxf5 Bg5
15. f4 Nf3 16. Qxd6 Rad8 17. Qa3 Qe3+ 18. Kb1 Rxd1+ 19. Nxd1 Nd2+ 20. Ka1 Qxe4 0-1

[Event "25th Czech Open A 2014"]
[Site "Pardubice CZE"]
[Date "2014.07.25"]
[Round "8.72"]
[White "Ageichenko, Genadi A"]
[Black "Pon, Matt"]
[Result "1-0"]
[WhiteTitle "IM"]
[BlackTitle "FM"]
[WhiteElo "2297"]
[BlackElo "2041"]
[WhiteFideId "4105222"]
[BlackFideId "14301644"]
[EventDate "2014.07.18"]

1. d4 Nf6 2. Nf3 e6 3. c4 Bb4+ 4. Bd2 Qe7 5. g3 Nc6 6. Nc3 Bxc3 7. Bxc3 Ne4 8.
Rc1 d6 9. Bg2 O-O 10. O-O Nxc3 11. Rxc3 e5 12. d5 Nb8 13. e4 Bg4 14. Qc2 Bxf3
15. Bxf3 c5 16. Rb3 b6 17. Bg2 Nd7 18. f4 exf4 19. gxf4 Qf6 20. Kh1 Rfe8 21.
Rbf3 Re7 22. e5 dxe5 23. fxe5 Qxe5 24. d6 Ree8 25. Rf5 Qxd6 26. Bxa8 Rxa8 27.
Rxf7 Rf8 28. Rxf8+ Nxf8 29. Qf5 Qc6+ 30. Kg1 Qg6+ 31. Qxg6 hxg6 32. Kf2 Kf7 33.
Ke3+ Ke7 34. Ke4 Ne6 35. Kd5 Nd4 36. b4 Nc2 37. Kc6 cxb4 38. Rd1 a5 39. Kxb6 a4
40. c5 b3 41. axb3 1-0

[Event "25th Czech Open A 2014"]
[Site "Pardubice CZE"]
[Date "2014.07.25"]
[Round "8.73"]
[White "Schulz, Karsten"]
[Black "Pischikov, Vadim"]
[Result "1/2-1/2"]
[WhiteTitle "FM"]
[WhiteElo "2276"]
[BlackElo "2130"]
[WhiteFideId "4611446"]
[BlackFideId "4100280"]
[EventDate "2014.07.18"]

1. d4 d5 2. Bf4 Nf6 3. e3 c5 4. Nf3 Nc6 5. Be2 cxd4 6. exd4 Qb6 7. Nc3 Bg4 8.
Na4 Qa5+ 9. c3 e6 10. b4 Qd8 11. Nc5 Bxf3 12. Bxf3 b6 13. Qa4 Rc8 14. Nd3 Qd7
15. O-O Be7 16. Qb3 O-O 17. a4 Bd6 18. Rac1 Bxf4 19. Nxf4 Qd6 20. Nd3 Rc7 21.
Rfe1 Rfc8 22. Qb2 Nd7 23. Qd2 Rd8 24. Nf4 Ne7 25. g3 Nf8 26. h4 Neg6 27. Nd3 f5
28. Kg2 Nd7 29. h5 Ngf8 30. Nf4 Nf6 31. Re3 Ne4 32. Bxe4 fxe4 33. f3 exf3+ 34.
Rxf3 Re7 35. Re1 Nd7 36. Rfe3 Rde8 37. Nd3 Nf6 38. Qe2 Ne4 39. Nf2 Nf6 40. Kh3
Qd7 41. Ng4 Ne4 42. Qa2 Rc8 43. c4 Qe8 44. Qe2 Qxh5+ 45. Kg2 Qe8 46. b5 Rf7 47.
Rxe4 dxe4 48. Ne5 Rfc7 49. Rc1 Qe7 50. Qxe4 Rf8 51. Rh1 g6 52. Qe3 Qg7 53. Re1
Rcc8 54. Nc6 Rce8 55. Ne5 Rf5 56. Nc6 Qf6 57. Ne5 h5 58. Qh6 Rd8 59. Qxg6+ Qxg6
60. Nxg6 Kf7 61. Ne5+ Rxe5 62. Rxe5 h4 63. d5 exd5 64. Rxd5 Rg8 65. Rd7+ Ke6 66.
Rxa7 Rxg3+ 67. Kh2 Kd6 68. a5 bxa5 69. Ra6+ Kc7 70. Rxa5 Rc3 71. c5 Rxc5 72. b6+
Kxb6 73. Rxc5 1/2-1/2

[Event "25th Czech Open A 2014"]
[Site "Pardubice CZE"]
[Date "2014.07.25"]
[Round "8.74"]
[White "Muter, Donny"]
[Black "Pagerka, Martin"]
[Result "1/2-1/2"]
[WhiteElo "2181"]
[BlackElo "2265"]
[WhiteFideId "409170"]
[BlackFideId "14911230"]
[EventDate "2014.07.18"]

1. d4 Nf6 2. Nf3 g6 3. Bg5 Bg7 4. Nbd2 O-O 5. c3 c5 6. Bxf6 Bxf6 7. Ne4 cxd4 8.
Nxf6+ exf6 9. Nxd4 Qb6 10. Qb3 Qa5 11. e3 Nc6 12. Rd1 d6 13. Be2 Nxd4 14. Rxd4
Be6 15. Bc4 Bxc4 16. Qxc4 Rac8 1/2-1/2

[Event "25th Czech Open A 2014"]
[Site "Pardubice CZE"]
[Date "2014.07.25"]
[Round "8.75"]
[White "Eliseev, Evgeniy"]
[Black "Mukashev, Assan"]
[Result "1-0"]
[WhiteElo "2140"]
[BlackElo "2261"]
[WhiteFideId "14139642"]
[BlackFideId "13703803"]
[EventDate "2014.07.18"]

1. d4 Nf6 2. c4 e6 3. Nc3 Bb4 4. Qc2 d5 5. Nf3 O-O 6. Bg5 b6 7. cxd5 exd5 8. e3
Bb7 9. Bd3 h6 10. Bxf6 Qxf6 11. O-O Qd8 12. a3 Be7 13. Ne5 c5 14. Rad1 Nc6 15.
Nxc6 Bxc6 16. dxc5 bxc5 17. Be4 dxe4 18. Rxd8 Rfxd8 19. Nxe4 Bb5 20. Rd1 Rxd1+
21. Qxd1 Rd8 22. Qf3 Bc6 23. h3 c4 24. Qf4 Bxe4 25. Qxe4 c3 26. bxc3 Bxa3 27. g4
Bf8 28. Qa4 Rc8 29. c4 a5 30. Qxa5 Rxc4 31. Qd5 Rc5 32. Qd8 Re5 33. Kf1 f6 34.
Ke2 Kf7 35. f4 Rc5 36. Qd7+ Be7 37. h4 h5 38. g5 g6 39. e4 Rc2+ 40. Kd3 Rc1 41.
Kd2 Rf1 42. f5 gxf5 43. exf5 Kf8 44. g6 Bb4+ 45. Kc2 Be7 46. Qe6 Ke8 47. Qf7+
Kd8 48. Qd5+ Ke8 49. Qb5+ 1-0

[Event "25th Czech Open A 2014"]
[Site "Pardubice CZE"]
[Date "2014.07.25"]
[Round "8.76"]
[White "Shuvalova, Polina"]
[Black "Le Ruyet, Leopold"]
[Result "1-0"]
[WhiteTitle "WFM"]
[WhiteElo "2108"]
[BlackElo "2259"]
[WhiteFideId "24171760"]
[BlackFideId "645923"]
[EventDate "2014.07.18"]

1. e4 c5 2. Nf3 g6 3. Bc4 Bg7 4. c3 e6 5. e5 d6 6. d4 Nc6 7. dxc5 dxe5 8. Qxd8+
Kxd8 9. Na3 Ke7 10. Be3 Nf6 11. Rd1 Nd5 12. O-O Nxe3 13. fxe3 e4 14. Ng5 f5 15.
Nb5 Bh6 16. h4 Bxg5 17. hxg5 Ne5 18. Nd6 Bd7 19. Be2 Rab8 20. Rd2 Rhd8 21. Kf2
Rh8 22. Rfd1 Bc6 23. b4 a6 24. Rh1 h6 25. Rxh6 Rxh6 26. gxh6 Rh8 27. Nc4 Nxc4
28. Bxc4 Rxh6 29. Rd6 g5 30. Bxa6 f4 31. Bc4 Bd7 32. Rb6 Bc8 33. Bd5 Rh1 34.
Bxe4 fxe3+ 35. Kxe3 Re1+ 36. Kd4 Rd1+ 37. Kc4 Rd7 38. a4 Kf6 39. Rd6 Rxd6 40.
cxd6 Ke5 41. Bxb7 1-0

[Event "25th Czech Open A 2014"]
[Site "Pardubice CZE"]
[Date "2014.07.25"]
[Round "8.77"]
[White "Mueer, Sebastian"]
[Black "Sergeev, Vladimir"]
[Result "0-1"]
[BlackTitle "GM"]
[WhiteElo "2198"]
[BlackElo "2447"]
[WhiteFideId "24622001"]
[BlackFideId "14101076"]
[EventDate "2014.07.18"]

1. d4 Nf6 2. Bg5 c5 3. Bxf6 gxf6 4. d5 Qb6 5. Qc1 Bh6 6. e3 f5 7. g3 Bg7 8. c3
d6 9. Bg2 Nd7 10. Ne2 Ne5 11. Nf4 Qa6 12. Nd2 h5 13. h4 Bd7 14. Bf1 Qb6 15. Be2
Ng4 16. Qc2 Qc7 17. a4 e5 18. dxe6 fxe6 19. e4 Bh6 20. exf5 Bxf4 21. gxf4 exf5
22. Bxg4 hxg4 23. O-O-O O-O-O 24. Nc4 Be6 25. b3 Kb8 26. Kb2 Rh6 27. Ne3 d5 28.
Nxf5 Rf6 29. Ng3 Rxf4 30. Rd2 Rdf8 31. Re1 Qf7 32. Ka3 Rf3 33. h5 d4 34. c4 Bxc4
35. Re7 Qxe7 36. Qxc4 Rc3 37. Qb5 0-1

[Event "25th Czech Open A 2014"]
[Site "Pardubice CZE"]
[Date "2014.07.25"]
[Round "8.78"]
[White "Feher, Adam"]
[Black "Vokoun, Jan"]
[Result "1-0"]
[BlackTitle "FM"]
[WhiteElo "2398"]
[BlackElo "2195"]
[WhiteFideId "739081"]
[BlackFideId "301647"]
[EventDate "2014.07.18"]

1. e4 e5 2. Nf3 Nc6 3. Bb5 a6 4. Ba4 g6 5. O-O Bg7 6. c3 d6 7. d4 Bd7 8. dxe5
dxe5 9. Qe2 Nge7 10. Rd1 Qc8 11. Be3 b6 12. Nbd2 O-O 13. Nf1 f6 14. Rd2 Be6 15.
Rad1 Rd8 16. Rxd8+ Nxd8 17. b4 Bf8 18. h3 a5 19. b5 Nf7 20. N3h2 Kg7 21. Ng3 Qe8
22. f4 exf4 23. Bxf4 Rc8 24. Ng4 Ng8 25. Rf1 Bd6 26. Bxd6 cxd6 27. Qf3 Qd8 28.
Bb3 Bxb3 29. axb3 Ne5 30. Nxe5 dxe5 31. Rd1 Qc7 32. c4 Rd8 33. Rxd8 Qxd8 34. Qe3
Qd6 35. Ne2 Ne7 36. Nc3 Kf7 37. Kf2 Nc8 38. Nd5 Ke6 39. Qf3 Qc5+ 40. Ke2 f5 41.
exf5+ gxf5 42. Qh5 Qf8 43. Qxh7 e4 44. Nf4+ Kd6 45. Qb7 Qg8 46. Qc6+ Ke5 47. g3
a4 48. bxa4 Kd4 49. Qd5+ Qxd5 50. cxd5 Kc5 51. h4 Nd6 52. h5 Nf7 53. Ke3 Kb4 54.
Ne2 Kxa4 55. Nd4 Kb4 56. Nxf5 Kxb5 57. Kxe4 Kc5 58. Ne7 b5 59. Nc6 Kd6 60. Nb4
Nh6 61. Nd3 Ke7 62. Ke5 Kf7 63. d6 Ng4+ 64. Kd5 Nf6+ 65. Kc6 Ke6 66. d7 Ke7 67.
h6 b4 68. h7 Nxh7 69. Kc7 1-0

[Event "25th Czech Open A 2014"]
[Site "Pardubice CZE"]
[Date "2014.07.25"]
[Round "8.79"]
[White "Vykouk, Jan"]
[Black "Hansen, Mads"]
[Result "0-1"]
[BlackTitle "FM"]
[WhiteElo "2176"]
[BlackElo "2350"]
[WhiteFideId "349658"]
[BlackFideId "1401610"]
[EventDate "2014.07.18"]

1. e4 e5 2. Nf3 Nc6 3. Bc4 Bc5 4. c3 Nf6 5. d3 a6 6. b4 Ba7 7. Qb3 O-O 8. O-O d6
9. a4 Ne7 10. Bg5 b5 11. axb5 axb5 12. Rxa7 Rxa7 13. Bxb5 c6 14. Bc4 Ng6 15.
Nbd2 h6 16. Be3 Ra8 17. d4 Ng4 18. h3 Nxe3 19. fxe3 Qe7 20. d5 Bb7 21. dxc6 Bxc6
22. b5 Bb7 23. Bd5 Kh8 24. Nc4 Bxd5 25. exd5 e4 26. Nd4 Nh4 27. Nf5 Nxf5 28.
Rxf5 Ra1+ 29. Kh2 g6 30. Rf4 f5 31. Qb4 Rd1 32. Qxd6 Qxd6 33. Nxd6 Rxd5 34. Nxe4
Rxb5 35. g4 Re5 36. gxf5 g5 37. Rg4 h5 0-1

[Event "25th Czech Open A 2014"]
[Site "Pardubice CZE"]
[Date "2014.07.25"]
[Round "8.80"]
[White "Majer, Jiri"]
[Black "Priasmoro, Novendra"]
[Result "0-1"]
[WhiteTitle "FM"]
[WhiteElo "2172"]
[BlackElo "2282"]
[WhiteFideId "307564"]
[BlackFideId "7105029"]
[EventDate "2014.07.18"]

1. Nf3 Nf6 2. d4 g6 3. g3 Bg7 4. Bg2 O-O 5. O-O d6 6. c4 Nc6 7. Nc3 Bf5 8. Bf4
Ne4 9. Nh4 Nxc3 10. bxc3 Bd7 11. e4 e5 12. Be3 Na5 13. Qd3 b6 14. Rfd1 Be6 15.
d5 Bc8 16. Nf3 Ba6 17. Nd2 Qd7 18. a4 f5 19. Re1 Rae8 20. f3 f4 21. Bf2 g5 22.
g4 Rf6 23. Reb1 h5 24. h3 Rh6 25. Rb4 Kf7 26. Kf1 Reh8 27. Ke2 Bf6 28. Rg1 Ke8
29. Ra1 Qh7 30. Rg1 hxg4 31. hxg4 Qd7 32. Kd1 Kf7 33. Ke2 Kg6 34. Ra1 Rh2 35.
Rg1 Qf7 36. Nf1 c5 37. Rb5 Bxb5 38. cxb5 R2h7 39. Nd2 Ra8 40. Rb1 Rh2 41. Kf1
Qc7 42. c4 a6 43. Bg1 Rhh8 44. Qc2 axb5 45. axb5 Nb7 46. Ke1 Ra3 47. Rb3 Ra1+
48. Rb1 Rha8 49. Bf1 Qb8 50. Bd3 R8a2 51. Qc3 Qa8 52. Ke2 Ra3 53. Rxa1 Rxa1 54.
Bf2 Ra3 55. Qc2 Nd8 56. Qb1 Nf7 57. Be1 Kg7 58. Bf2 Nh8 59. Qh1 Ng6 60. Qb1 Nh4
61. Be1 Qa4 62. Bf2 Ra1 63. Qc2 Qa3 64. Be1 Ra2 65. Qb1 Ng2 66. Bf2 Rb2 67. Qc1
Nh4 68. Qf1 Nxf3 0-1

[Event "25th Czech Open A 2014"]
[Site "Pardubice CZE"]
[Date "2014.07.25"]
[Round "8.81"]
[White "Bystrov, Sergej M."]
[Black "Heimrath, Reiner"]
[Result "1/2-1/2"]
[WhiteTitle "IM"]
[BlackTitle "FM"]
[WhiteElo "2280"]
[BlackElo "2187"]
[WhiteFideId "4118561"]
[BlackFideId "4618866"]
[EventDate "2014.07.18"]

1. e4 e5 2. Nf3 Nc6 3. Bc4 Nf6 4. d3 h6 5. O-O d6 6. c3 g5 7. b4 Bg7 8. a4 Qe7
9. Kh1 Bg4 10. Nbd2 Nh5 11. Qb3 Nf4 12. Ng1 Bd7 13. Re1 Be6 14. Nf1 Nxd3 15. Re2
Nf4 16. Rd2 Bxc4 17. Qxc4 Qe6 18. Ne3 Qxc4 19. Nxc4 Ne7 20. Ne3 O-O 21. Bb2 f5
22. f3 Ne6 23. Ne2 fxe4 24. fxe4 a5 25. Ng3 Rf4 26. Kg1 Bf8 27. Nh5 Rf7 28. Ng3
b6 29. Ngf5 Nxf5 30. exf5 Ng7 31. g4 Ne8 32. h3 Nf6 33. b5 Rd7 34. c4 Kf7 35.
Kg2 c6 36. bxc6 Rc7 37. Kf3 Rxc6 38. Ba3 e4+ 39. Ke2 Nd7 40. Rad1 Ne5 41. Rd4
Rac8 42. Rxe4 Nxc4 43. Nxc4 Rxc4 44. Rxc4 Rxc4 45. Bxd6 Bg7 46. Rb1 Bd4 47. Kd3
Rxa4 48. Bc7 Bf6 49. Rxb6 Ra3+ 50. Ke4 Rxh3 51. Rb7 Kg8 52. Bxa5 Rg3 53. Kd5 Re3
54. Bc7 Re1 1/2-1/2

[Event "25th Czech Open A 2014"]
[Site "Pardubice CZE"]
[Date "2014.07.25"]
[Round "8.82"]
[White "Pribyl, Josef"]
[Black "Seegert, Kristian"]
[Result "0-1"]
[WhiteTitle "IM"]
[WhiteElo "2269"]
[BlackElo "2178"]
[WhiteFideId "300187"]
[BlackFideId "1405098"]
[EventDate "2014.07.18"]

1. e4 e5 2. Nf3 Nc6 3. Bb5 f5 4. d3 fxe4 5. dxe4 Nf6 6. Qe2 Bc5 7. h3 d6 8. c3
Bd7 9. b4 Bb6 10. Bc4 Qe7 11. Nbd2 a5 12. b5 Nd8 13. a4 Nh5 14. g3 Rf8 15. Rh2
Ne6 16. Bb3 Nc5 17. Bc2 Be6 18. Nxe5 Nxg3 19. fxg3 dxe5 20. Nc4 Bxc4 21. Qxc4
O-O-O 22. Qe2 Nxe4 23. Bxe4 Qc5 24. Qe3 Qc4 0-1

[Event "25th Czech Open A 2014"]
[Site "Pardubice CZE"]
[Date "2014.07.25"]
[Round "8.83"]
[White "Jurasek, Miroslav"]
[Black "Folkova, Martina"]
[Result "1/2-1/2"]
[BlackTitle "WFM"]
[WhiteElo "2266"]
[BlackElo "2188"]
[WhiteFideId "305618"]
[BlackFideId "304271"]
[EventDate "2014.07.18"]

1. e4 e5 2. Nf3 Nc6 3. d4 exd4 4. Bc4 Bc5 5. c3 Nf6 6. cxd4 Bb4+ 7. Bd2 Bxd2+ 8.
Nbxd2 d5 9. exd5 Nxd5 10. Qb3 Nce7 11. O-O O-O 12. Rfe1 c6 13. Ne4 Qb6 14. Nc3
Bg4 15. Ne5 Be6 16. Qxb6 axb6 17. Bxd5 Nxd5 18. Nxd5 Bxd5 19. Nd7 Rfd8 20. Nxb6
Rxa2 21. Nxd5 Rxa1 22. Rxa1 cxd5 23. Ra7 Rb8 24. Ra5 Rd8 25. Rc5 Kf8 26. Rc7 Ra8
27. Kf1 Ra4 28. Rxb7 Rxd4 29. Ke2 Re4+ 30. Kd3 Re1 31. h4 g6 32. g3 Rf1 33. Ke3
Re1+ 34. Kf3 d4 35. Rb3 f5 36. Rd3 Rb1 37. Rb3 Kf7 38. Rb6 Re1 39. b3 Ke7 40.
Rb4 Re4 41. Rc4 Kd6 42. b4 Kd5 43. Rc5+ Kd6 44. Rc4 1/2-1/2

[Event "25th Czech Open A 2014"]
[Site "Pardubice CZE"]
[Date "2014.07.25"]
[Round "8.84"]
[White "Klecker, Tadeas"]
[Black "Meissner, Felix"]
[Result "1-0"]
[BlackTitle "FM"]
[WhiteElo "2167"]
[BlackElo "2263"]
[WhiteFideId "326950"]
[BlackFideId "24671827"]
[EventDate "2014.07.18"]

1. d4 Nf6 2. c4 g6 3. Nc3 d5 4. cxd5 Nxd5 5. e4 Nxc3 6. bxc3 Bg7 7. Nf3 c5 8.
Rb1 O-O 9. Be2 cxd4 10. cxd4 Qa5+ 11. Qd2 Qxd2+ 12. Bxd2 b6 13. d5 Ba6 14. Bb4
Re8 15. e5 Bxe2 16. Kxe2 Nd7 17. Bc3 Rac8 18. Rbc1 Rc5 19. e6 Bxc3 20. exd7 Rd8
21. Kd3 Bb4 22. Ne5 a5 23. Rxc5 Bxc5 24. Kc4 f6 25. Kb5 fxe5 26. Kc6 Bd6 27. Rb1
Kf7 28. a4 Kf6 29. Rxb6 e4 30. Rb5 Ke5 31. Rxa5 Kd4 32. Rb5 Kc4 33. Rb1 Be5 34.
Re1 Kd3 35. Re3+ Kd4 36. a5 Bd6 37. Re1 Kd3 38. a6 Be5 39. Re3+ Kd4 40. Ra3 Bd6
41. Ra2 1-0

[Event "25th Czech Open A 2014"]
[Site "Pardubice CZE"]
[Date "2014.07.25"]
[Round "8.85"]
[White "Bjornsson, Tomas"]
[Black "Sanders, Isaac B"]
[Result "0-1"]
[WhiteTitle "FM"]
[WhiteElo "2144"]
[BlackElo "2262"]
[WhiteFideId "2300303"]
[BlackFideId "417661"]
[EventDate "2014.07.18"]

1. d4 Nf6 2. c4 e6 3. Nf3 b6 4. g3 Ba6 5. b3 Bb7 6. Bg2 Bb4+ 7. Bd2 Be7 8. O-O
O-O 9. Bc3 c5 10. Nbd2 d5 11. e3 Nbd7 12. Bb2 dxc4 13. Nxc4 b5 14. Nce5 Nxe5 15.
Nxe5 Bxg2 16. Kxg2 Qb6 17. dxc5 Bxc5 18. Qf3 Rad8 19. Rfd1 Nd5 20. e4 Nf6 21.
Ng4 Nxg4 22. Qxg4 Bd4 23. Qe2 Bxb2 24. Qxb2 Qc6 25. f3 Rxd1 26. Rxd1 Rc8 27. Qd4
h6 28. Kh3 a6 29. Qd6 Qc2 30. Qd2 Kh7 31. Kg2 a5 32. Kh3 Rc3 33. Qxc2 Rxc2 34.
Rd7 Kg6 35. a4 bxa4 36. bxa4 Rc4 37. Ra7 Rxa4 38. Kg2 Ra2+ 39. Kh3 Kf6 40. f4
Kg6 41. Kg4 h5+ 42. Kf3 Ra1 43. Ra6 Kf6 44. Ra7 a4 45. Ra5 a3 46. Kg2 a2 47. Ra7
g5 48. h3 h4 49. fxg5+ Kxg5 50. Ra5+ Kg6 51. g4 e5 52. Ra6+ Kg7 53. Ra7 Kf6 54.
Ra5 Ke6 55. Ra6+ Ke7 56. Kh2 f6 57. Kg2 Kd7 58. Ra5 Kc6 59. Ra4 Kb5 60. Ra7 Kc4
61. Ra6 Kd4 62. Ra4+ Ke3 63. Ra3+ Kxe4 64. Ra4+ Ke3 65. Ra3+ Kf4 66. Rf3+ Kg5
67. Ra3 e4 68. Ra5+ Kg6 0-1

[Event "25th Czech Open A 2014"]
[Site "Pardubice CZE"]
[Date "2014.07.25"]
[Round "8.86"]
[White "Nguyen, Thai Dai Van"]
[Black "Hoerr, Matthias"]
[Result "1-0"]
[WhiteTitle "CM"]
[WhiteElo "2261"]
[BlackElo "2141"]
[WhiteFideId "358878"]
[BlackFideId "4681398"]
[EventDate "2014.07.18"]

1. e4 c5 2. Nf3 e6 3. d4 cxd4 4. Nxd4 Nc6 5. Nc3 Qc7 6. Be2 a6 7. Be3 Nf6 8. a3
b5 9. Nxc6 dxc6 10. O-O e5 11. f4 Bd6 12. f5 Bb7 13. Bf3 Qe7 14. Qe1 Bc5 15. a4
b4 16. Nb1 a5 17. Qf2 Bxe3 18. Qxe3 Ba6 19. Rd1 Qa7 20. Qxa7 Rxa7 21. Nd2 Nd7
22. Kf2 Ke7 23. Be2 g6 24. Bxa6 Rxa6 25. Nb3 gxf5 26. Rxd7+ Kxd7 27. Nc5+ Kc7
28. Nxa6+ Kb6 29. exf5 Rd8 30. Nxb4 axb4 31. Ke3 c5 32. b3 Rd4 33. Rf1 c4 34. g3
f6 35. h3 Kc5 36. g4 h6 37. Rg1 Kd5 38. Ra1 Re4+ 39. Kf3 Rd4 40. Ke3 Re4+ 41.
Kf3 Rf4+ 42. Kg3 Kc6 43. Rd1 c3 44. Rd8 Rf1 45. Rf8 Rc1 46. Rxf6+ Kd7 47. Rb6
Rxc2 48. Rxb4 Rb2 49. Rc4 Rxb3 50. Kh4 Kd6 51. a5 Kd5 52. Rc7 Kd6 53. Rc4 Kd5
54. Rc8 e4 55. a6 Ra3 56. a7 Kd4 57. a8=Q Rxa8 58. Rxa8 e3 59. Kg3 Kd3 60. Ra1
Kd2 61. Kf3 c2 62. Ra2 1-0

[Event "25th Czech Open A 2014"]
[Site "Pardubice CZE"]
[Date "2014.07.25"]
[Round "8.87"]
[White "Sorin, Michael"]
[Black "Pershin, Denis"]
[Result "0-1"]
[WhiteElo "2249"]
[BlackElo "2171"]
[WhiteFideId "2805030"]
[BlackFideId "24165506"]
[EventDate "2014.07.18"]

1. Nf3 Nf6 2. c4 e6 3. Nc3 d5 4. d4 Be7 5. cxd5 exd5 6. Qc2 c6 7. Bg5 h6 8. Bh4
O-O 9. e3 Ne4 10. Bxe7 Qxe7 11. Bd3 Nxc3 12. bxc3 c5 13. O-O Nc6 14. Bh7+ Kh8
15. Bf5 b6 16. Rfe1 Qf6 17. Bxc8 Raxc8 18. Qb3 Rfd8 19. Qa3 Na5 20. Ne5 Qf5 21.
Rac1 Rc7 22. Red1 Rdc8 23. Qb2 cxd4 24. cxd4 Rc2 25. Nxf7+ Kg8 0-1

[Event "25th Czech Open A 2014"]
[Site "Pardubice CZE"]
[Date "2014.07.25"]
[Round "8.88"]
[White "Bartos, Jan"]
[Black "Rodionova, Polina"]
[Result "1-0"]
[WhiteTitle "FM"]
[BlackTitle "WFM"]
[WhiteElo "2243"]
[BlackElo "2138"]
[WhiteFideId "315060"]
[BlackFideId "24102555"]
[EventDate "2014.07.18"]

1. d4 Nf6 2. c4 g6 3. f3 Bg7 4. e4 d6 5. Ne2 O-O 6. Be3 c5 7. Qd2 Nc6 8. d5 Ne5
9. Nec3 e6 10. Be2 exd5 11. cxd5 a6 12. a4 Qa5 13. Na3 Bd7 14. O-O Rab8 15. h3
Bc8 16. f4 Ned7 17. Nc4 Qc7 18. e5 Ne8 19. Ne4 dxe5 20. d6 Qd8 21. fxe5 Nxe5 22.
Bg5 Qd7 23. Be7 b5 24. Nxe5 Bxe5 25. Nxc5 Qc6 26. d7 Nd6 27. dxc8=Q Rfxc8 28.
Rac1 Nf5 29. Rxf5 gxf5 30. Bf3 Qg6 31. Nd7 Rxc1+ 32. Qxc1 Bd4+ 33. Kf1 Re8 34.
axb5 axb5 35. b4 f4 36. Qd1 Rxe7 37. Qxd4 Qb1+ 38. Bd1 f5 39. Nf6+ Kf7 40. Nd5
Re4 41. Qf6+ Ke8 42. Qc6+ Kf8 43. Qd6+ Kf7 44. Nc3 Qxb4 45. Nxe4 Qc4+ 46. Kf2
Qxe4 47. Bb3+ Kg7 48. Qe6 Qd4+ 49. Kf3 b4 50. h4 1-0

[Event "25th Czech Open A 2014"]
[Site "Pardubice CZE"]
[Date "2014.07.25"]
[Round "8.89"]
[White "Hahn, Florian"]
[Black "Varitski, Igor"]
[Result "1/2-1/2"]
[BlackTitle "IM"]
[WhiteElo "2109"]
[BlackElo "2241"]
[WhiteFideId "24659720"]
[BlackFideId "14102862"]
[EventDate "2014.07.18"]

1. d4 e6 2. c4 f5 3. Nf3 Nf6 4. g3 c6 5. Bg2 d5 6. O-O Bd6 7. b3 Qe7 8. a4 a5 9.
Ba3 Bxa3 10. Nxa3 O-O 11. Nc2 Na6 12. Nce1 b6 13. Nd3 Bb7 14. Rc1 Rfd8 15. c5
bxc5 16. Nxc5 Nxc5 17. Rxc5 Nd7 18. Rc3 c5 19. e3 Ba6 20. Re1 c4 21. bxc4 Bxc4
22. Bf1 Nb6 23. Qc2 Bxf1 24. Rxf1 Nc4 25. Nd2 Nxd2 26. Qxd2 Qd7 27. Qa2 Rdc8 28.
Rfc1 1/2-1/2

[Event "25th Czech Open A 2014"]
[Site "Pardubice CZE"]
[Date "2014.07.25"]
[Round "8.90"]
[White "Istona, Martin"]
[Black "Kubik, Michael"]
[Result "0-1"]
[WhiteElo "2106"]
[BlackElo "2238"]
[WhiteFideId "14923475"]
[BlackFideId "344320"]
[EventDate "2014.07.18"]

1. e4 c5 2. Nf3 e6 3. d4 cxd4 4. Nxd4 Nf6 5. Nc3 d6 6. g4 h6 7. h4 Nc6 8. Rg1 h5
9. gxh5 Nxh5 10. Bg5 Nf6 11. Qd2 a6 12. Be2 Qb6 13. Nb3 Bd7 14. h5 Nxh5 15. Rh1
g6 16. f4 Ng3 17. Rf1 Nxf1 18. Bxf1 Be7 19. Bxe7 Nxe7 20. O-O-O O-O-O 21. Kb1
Bc6 22. Nd4 d5 23. f5 gxf5 24. exf5 Nxf5 25. Nxf5 exf5 26. Bd3 Kb8 27. Bxf5 Rhe8
28. Bd3 d4 29. Ne2 Qc7 30. Rf1 Be4 31. Nc1 f5 0-1